LEADER 01106nam a2200277 i 4500 001 000000157343 003 CaOOAMICUS 005 20070105000000.0 008 070105s1962 it u000 u ita u 013 $a134699 040 $aSeMil$bita 100 1 $aBorges, Jorge Luis,$d<1899-1986>.$0(OLS)http://semarc/name/6250 245 10$aManuale di zoologia fantastica /$cJorge Luis Borges [e] Margarita Guerrero ; traduzione di Franco Lucentini. 260 $aTorino :$bEinaudi,$c1962. 300 $a163 p. ;$c20 cm. 490 0 $aI coralli ;$v160 500 $aFondo Ciprandi. 700 1 $aLucentini, Franco,$d<1920-2002>.$0(OLS)http://semarc/name/18448 700 1 $aGuerrero, Margarita.$0(OLS)http://semarc/name/61423 830 2$aI coralli ;$v160.$0(OLS)http://semarc/title/6904 850 $aSeMil 852 $aSeMil$W1$xVenegono$y1$m1U I 71$j109029$B109029$CSeMilBibl$Z2$F118553 $81 941 1 $a1 961 $aOmaggio: Ciprandi dott. Paolo 996 $6245$aManuale di zoologia fantastica$9(OLS)http://semarc/title/230712 996 $6260$aTorino :$bEinaudi$9(OLS)http://semarc/publisher/29884 LEADER 00803nam a2200205 i 4500 001 000000057576 003 CaOOAMICUS 005 19971013000000.0 008 971013n it u000 u ita u 013 $a28748 040 $aSeMil$bita 100 1 $aLazzaro, Pietro.$0(OLS)http://semarc/name/29286 245 10$aFede e Grazia in Ilario di Poitiers. 600 04$aIlario : di Poitiers .$0(OLS)http://semarc/subject/6166 650 4$aGrazia divina.$0(OLS)http://semarc/subject/229 650 4$aTesi di laurea.$0(OLS)http://semarc/subject/1690 650 4$aFede.$0(OLS)http://semarc/subject/589 850 $aSeMil 852 $aSeMil$W1$xVenegono$y1$m2I V 361$j23730$B23730$CSeMilBibl$Z2$F23732 $81 996 $6245$aFede e Grazia in Ilario di Poitiers$9(OLS)http://semarc/title/89623